[Event "19th 4NCL Congress"]
[Site "Telford"]
[Date "2018.07.13"]
[Round "1"]
[Board "1"]
[White "Yoon, Jacob D"]
[Black "Merry, Alan B"]
[Result "0-1"]
[WhiteElo "2002"]
[BlackElo "2460"]
[PlyCount "44"]
[EventDate "2018.07.13"]
[EventRounds "5"]
[EventCountry "ENG"]

1. e4 c5 2. Nf3 e6 3. c3 Nf6 4. e5 Nd5 5. d4 cxd4 6. cxd4 d6 7. Bc4 Nb6 8. Bd3
Bd7 9. O-O Bc6 10. Nc3 N8d7 11. Bf4 dxe5 12. Nxe5 Nxe5 13. dxe5 Nd5 14. Bd2
Nxc3 15. Bxc3 Qd5 16. f3 O-O-O 17. Kh1 Qxd3 18. Qb3 Bc5 19. Rad1 Qb5 20. Qc2
Rxd1 21. Rxd1 Rd8 22. Rb1 Qd3  0-1

[Event "19th 4NCL Congress"]
[Site "Telford"]
[Date "2018.07.13"]
[Round "1"]
[Board "2"]
[White "Wells, Peter K"]
[Black "Gibbs, Dominic V"]
[Result "1-0"]
[WhiteElo "2426"]
[BlackElo "1967"]
[PlyCount "33"]
[EventDate "2018.07.13"]
[EventRounds "5"]
[EventCountry "ENG"]

1. d4 f5 2. e4 fxe4 3. Nc3 Nf6 4. Bg5 Nc6 5. d5 Ne5 6. Qe2 Nf7 7. Bxf6 gxf6 8.
Nxe4 e5 9. Qh5 Bg7 10. d6 Kf8 11. Bc4 Nh6 12. O-O-O c6 13. f4 Qe8 14. Nxf6 Bxf6
15. Qxh6+ Bg7 16. Qg5 Qg6 17. Qe7#  1-0

[Event "19th 4NCL Congress"]
[Site "Telford"]
[Date "2018.07.13"]
[Round "1"]
[Board "3"]
[White "De Coverly, Roger D"]
[Black "Sowray, Peter J"]
[Result "0-1"]
[WhiteElo "1939"]
[BlackElo "2337"]
[PlyCount "100"]
[EventDate "2018.07.13"]
[EventRounds "5"]
[EventCountry "ENG"]

1. e4 e5 2. Nf3 Nc6 3. Bb5 a6 4. Ba4 Nf6 5. O-O Be7 6. Re1 b5 7. Bb3 d6 8. c3
O-O 9. d4 Bg4 10. d5 Na5 11. Bc2 Qc8 12. h3 Bd7 13. Nbd2 c6 14. dxc6 Qxc6 15.
Nf1 Nc4 16. a4 Nb6 17. a5 Na4 18. Ng3 Rfc8 19. Bb3 h6 20. Nh2 Nc5 21. Bc2 Rab8
22. b4 Na4 23. Bxa4 bxa4 24. Ra3 d5 25. Nf5 Bf8 26. Nf3 Qc7 27. Ng3 Nxe4 28.
Nxe4 dxe4 29. Nxe5 Be6 30. Rxe4 Bb3 31. Rxb3 axb3 32. Qxb3 Bxb4 33. cxb4 Qxc1+
34. Kh2 Qc7 35. f4 Qe7 36. Qd5 Rb5 37. Qd4 Qc7 38. Qe3 Qc3 39. Nd3 Rbb8 40. Qe2
Rd8 41. Re3 Qc4 42. Ne5 Qxf4+ 43. g3 Qf6 44. Rf3 Qe6 45. Qb2 Re8 46. Re3 Qd5
47. Ng4 Rxe3 48. Nxe3 Qe4 49. Nc2 Qe2+ 50. Kg1 Rd8  0-1

[Event "19th 4NCL Congress"]
[Site "Telford"]
[Date "2018.07.13"]
[Round "1"]
[Board "4"]
[White "De Verdier, Michael"]
[Black "Gostelow, David W"]
[Result "1-0"]
[WhiteElo "2298"]
[BlackElo "1918"]
[PlyCount "95"]
[EventDate "2018.07.13"]
[EventRounds "5"]
[EventCountry "ENG"]

1. Nf3 d5 2. e3 Bf5 3. c4 c6 4. Qb3 Qc7 5. cxd5 cxd5 6. Nc3 e6 7. d4 Nc6 8. Bd2
Be7 9. Rc1 Bf6 10. Nb5 Qb8 11. Ne5 Nge7 12. Bb4 O-O 13. Nd7 Qd8 14. Nxf8 Nxb4
15. Qxb4 Nc6 16. Qd2 Qxf8 17. Be2 a6 18. Nc3 Qd6 19. O-O e5 20. dxe5 Bxe5 21.
Qxd5 Bxh2+ 22. Kh1 g6 23. Qxd6 Bxd6 24. Rfd1 Bf8 25. Bf3 Ne5 26. Be4 Be6 27.
Bd5 Bd7 28. Ne4 Bg4 29. Nf6+ Kg7 30. Nxg4 Nxg4 31. Kg1 Bd6 32. Bf3 Bh2+ 33. Kh1
Nxf2+ 34. Kxh2 Nxd1 35. Rxd1 Re8 36. Bxb7 a5 37. e4 Re5 38. Bd5 f5 39. exf5
gxf5 40. Rd2 Kf6 41. Bf3 Kg5 42. Rd5 Re6 43. Rxa5 Rh6+ 44. Kg3 Rb6 45. b3 h5
46. Be4 h4+ 47. Kh2 Rf6 48. Rxf5+  1-0

[Event "19th 4NCL Congress"]
[Site "Telford"]
[Date "2018.07.13"]
[Round "1"]
[Board "5"]
[White "Tombolis, Christopher"]
[Black "Clarke, Stuart Wc"]
[Result "1/2-1/2"]
[WhiteElo "1914"]
[BlackElo "2225"]
[PlyCount "71"]
[EventDate "2018.07.13"]
[EventRounds "5"]
[EventCountry "ENG"]

1. e4 e6 2. d4 d5 3. Nd2 c5 4. exd5 Qxd5 5. Ngf3 cxd4 6. Bc4 Qd6 7. O-O Nf6 8.
Nb3 Nc6 9. Nbxd4 Nxd4 10. Qxd4 Bd7 11. c3 Rc8 12. Bb3 Qxd4 13. Nxd4 Bc5 14. Rd1
h6 15. h3 O-O 16. Be3 a6 17. Nc2 Be7 18. Bd4 Bb5 19. Ne3 Ne4 20. a4 Bc6 21. Nc4
Bd5 22. Nd2 Nd6 23. Bxd5 exd5 24. Re1 Rc7 25. Bb6 Rd7 26. Bc5 Bf6 27. Nb3 Rc8
28. Bxd6 Rxd6 29. a5 d4 30. Nxd4 Bxd4 31. cxd4 Rc2 32. Re8+ Kh7 33. Rb1 Rxd4
34. b4 Rdd2 35. Rf1 Rb2 36. Re4  1/2-1/2

[Event "19th 4NCL Congress"]
[Site "Telford"]
[Date "2018.07.13"]
[Round "1"]
[Board "6"]
[White "Holland, James P"]
[Black "Ali, Golam S"]
[Result "1-0"]
[WhiteElo "2217"]
[BlackElo "1881"]
[PlyCount "73"]
[EventDate "2018.07.13"]
[EventRounds "5"]
[EventCountry "ENG"]

1. e4 c5 2. Nf3 d6 3. d4 cxd4 4. Nxd4 Nf6 5. Nc3 a6 6. Bc4 e6 7. Bb3 Qc7 8. O-O
Be7 9. Qf3 Nc6 10. Nxc6 Qxc6 11. Qg3 Nxe4 12. Nxe4 Qxe4 13. Qxg7 Rf8 14. Bh6
Bd7 15. Rfe1 Qh4 16. Bd5 Rc8 17. Bxb7 Rxc2 18. g3 Qb4 19. Be4 Rxb2 20. a3 Qb6
21. Be3 Qb5 22. Rab1 e5 23. Rxb2 Qxb2 24. Rb1 Qc3 25. Rb8+ Bd8 26. Rxd8+ Kxd8
27. Qxf8+ Kc7 28. Qxf7 Kc8 29. Qg8+ Kc7 30. Qxh7 Qc1+ 31. Kg2 Qd1 32. Bf5 Qd5+
33. f3 Qb5 34. Qxd7+ Qxd7 35. Bxd7 Kxd7 36. h4 d5 37. Kf2  1-0

[Event "19th 4NCL Congress"]
[Site "Telford"]
[Date "2018.07.13"]
[Round "1"]
[Board "7"]
[White "Rushbrooke, Remy"]
[Black "Willow, Jonah B"]
[Result "0-1"]
[WhiteElo "1875"]
[BlackElo "2210"]
[PlyCount "76"]
[EventDate "2018.07.13"]
[EventRounds "5"]
[EventCountry "ENG"]

1. d4 Nf6 2. Nc3 c5 3. d5 d6 4. e4 g6 5. f4 Bg7 6. Bb5+ Nfd7 7. Bd3 O-O 8. Nf3
Na6 9. O-O Rb8 10. Qe1 b5 11. Nxb5 c4 12. Bxc4 Rxb5 13. Bxb5 Qb6+ 14. Be3 Qxb5
15. f5 Ne5 16. Nxe5 Bxe5 17. Bh6 Bg7 18. Bxg7 Kxg7 19. Qh4 f6 20. Qf2 Nc5 21.
Qd4 a5 22. a4 Qe2 23. Rf2 Qxe4 24. Qxe4 Nxe4 25. Re2 gxf5 26. g4 Ba6 27. Re3
Kf7 28. h3 e6 29. dxe6+ Kxe6 30. Rae1 d5 31. Rb3 Ke5 32. Rb6 Bc8 33. gxf5 Bxf5
34. Rb5 Rc8 35. Rxa5 Rxc2 36. Rd1 Bxh3 37. Rdxd5+ Kf4 38. Rh5 Kg3  0-1

[Event "19th 4NCL Congress"]
[Site "Telford"]
[Date "2018.07.13"]
[Round "1"]
[Board "8"]
[White "Mason, Donald J"]
[Black "Ansari, Athar"]
[Result "1-0"]
[WhiteElo "2133"]
[BlackElo "1868"]
[PlyCount "61"]
[EventDate "2018.07.13"]
[EventRounds "5"]
[EventCountry "ENG"]

1. e4 d5 2. exd5 Qxd5 3. Nc3 Qa5 4. Bc4 Nf6 5. d3 Bf5 6. Bd2 c6 7. Qe2 Nbd7 8.
Nb5 cxb5 9. Bxa5 bxc4 10. dxc4 e6 11. Nf3 Be7 12. Rd1 O-O 13. O-O b6 14. Bc3
Rfd8 15. Nd4 Be4 16. Nb5 Bc6 17. Nd4 Be4 18. Rfe1 Bc5 19. Nb3 Bf5 20. Nxc5 Nxc5
21. Bxf6 gxf6 22. Rxd8+ Rxd8 23. Rd1 Rc8 24. g4 Bg6 25. b4 Ne4 26. Rd7 a5 27.
Qd3 Kg7 28. Rd8 Rc7 29. f3 Ng5 30. Qd6 Rxc4 31. Qf8#  1-0

[Event "19th 4NCL Congress"]
[Site "Telford"]
[Date "2018.07.13"]
[Round "1"]
[Board "9"]
[White "Ifalore, Michael"]
[Black "Jarmany, John"]
[Result "1/2-1/2"]
[WhiteElo "1867"]
[BlackElo "2110"]
[PlyCount "65"]
[EventDate "2018.07.13"]
[EventRounds "5"]
[EventCountry "ENG"]

1. e4 c6 2. d4 d5 3. e5 c5 4. dxc5 Nc6 5. a3 e6 6. Nf3 Bxc5 7. b4 Bb6 8. Bb2
Nge7 9. Bd3 Ng6 10. O-O Nf4 11. Re1 Nxd3 12. Qxd3 Bd7 13. Nbd2 Ne7 14. c4 Rc8
15. cxd5 Nxd5 16. Ne4 Bc7 17. Rad1 h6 18. Nc3 Nxc3 19. Bxc3 Ba4 20. Qxd8+ Bxd8
21. Rc1 Bb6 22. Bd4 Ke7 23. Bxb6 axb6 24. Nd2 Rhd8 25. Nc4 Rd3 26. Nxb6 Rxc1
27. Rxc1 Rxa3 28. Rc7+ Kd8 29. Rc8+ Ke7 30. f4 Bc6 31. Rc7+ Kd8 32. Rc8+ Ke7
33. Rc7+  1/2-1/2

[Event "19th 4NCL Congress"]
[Site "Telford"]
[Date "2018.07.13"]
[Round "1"]
[Board "10"]
[White "Bin-Suhayl, Ieysaa"]
[Black "Towers, Brian"]
[Result "1-0"]
[WhiteElo "2078"]
[BlackElo "1746"]
[PlyCount "51"]
[EventDate "2018.07.13"]
[EventRounds "5"]
[EventCountry "ENG"]

1. d4 e6 2. Nf3 f5 3. c4 Nf6 4. Nc3 Bb4 5. g3 O-O 6. Bg2 d6 7. O-O Bxc3 8. bxc3
Qe8 9. Ba3 Nbd7 10. Qd3 Ne4 11. Rab1 Rb8 12. Ne1 Qg6 13. c5 dxc5 14. dxc5 Ndxc5
15. Qe3 b6 16. Bxe4 Nxe4 17. Bxf8 Kxf8 18. Nf3 Bb7 19. Rfd1 Nc5 20. Ne5 Qe8 21.
Qd4 Rc8 22. f3 Bd5 23. c4 Bb7 24. Rb2 a5 25. Qh4 h6 26. Rbd2  1-0

[Event "19th 4NCL Congress"]
[Site "Telford"]
[Date "2018.07.13"]
[Round "1"]
[Board "11"]
[White "Woltery, Nicolai"]
[Black "Moore, Gerald"]
[Result "0-1"]
[WhiteElo "1715"]
[BlackElo "2073"]
[PlyCount "88"]
[EventDate "2018.07.13"]
[EventRounds "5"]
[EventCountry "ENG"]

1. c4 g6 2. Nc3 Bg7 3. g3 Nf6 4. Bg2 O-O 5. Nf3 d5 6. cxd5 Nxd5 7. O-O Nc6 8.
Qb3 Nb6 9. d3 h6 10. Be3 e5 11. Nd2 Nd4 12. Qd1 Re8 13. Nb3 c6 14. Rc1 Qe7 15.
Ne4 Kh7 16. Nec5 Nd5 17. Bd2 b6 18. Ne4 Bb7 19. Bc3 Rad8 20. Ned2 c5 21. Re1 f5
22. Bxd4 exd4 23. Nc4 h5 24. a3 Bh6 25. Rc2 Rf8 26. Nbd2 h4 27. Nf3 hxg3 28.
hxg3 Rf6 29. Kh2 Re6 30. Rh1 Kg7 31. Re1 Ba8 32. Kg1 Re8 33. Kf1 Nf6 34. b4 Ng4
35. bxc5 bxc5 36. Rb2 f4 37. gxf4 Bxf4 38. Ncd2 Rh8 39. Qb1 Nh2+ 40. Kg1 Bxd2
41. Rb8 Nxf3+ 42. Bxf3 Bxf3 43. exf3 Qg5+ 44. Kf1 Rh1#  0-1

[Event "19th 4NCL Congress"]
[Site "Telford"]
[Date "2018.07.13"]
[Round "1"]
[Board "12"]
[White "Seymour, Timothy P"]
[Black "Simpson, Derek"]
[Result "1-0"]
[WhiteElo "2035"]
[BlackElo "1663"]
[PlyCount "107"]
[EventDate "2018.07.13"]
[EventRounds "5"]
[EventCountry "ENG"]

1. d4 Nf6 2. Nf3 c6 3. c4 d6 4. Nc3 Nbd7 5. e3 e5 6. Be2 Be7 7. O-O O-O 8. Qc2
a6 9. b3 b5 10. Bb2 Qc7 11. Rac1 b4 12. Nb1 Re8 13. c5 exd4 14. cxd6 Bxd6 15.
Qxc6 Qxc6 16. Rxc6 Bc5 17. Bxd4 Bxd4 18. Nxd4 Nf8 19. Rfc1 Bd7 20. R6c4 a5 21.
Bf3 Rab8 22. Nd2 a4 23. bxa4 Bxa4 24. Rb1 Bd7 25. Rcxb4 Rxb4 26. Rxb4 Ne6 27.
a4 Nxd4 28. Rxd4 Rc8 29. g4 h6 30. h4 Bc6 31. Bxc6 Rxc6 32. a5 Rc1+ 33. Kg2 Ra1
34. Rd8+ Kh7 35. g5 hxg5 36. hxg5 Ng4 37. Nc4 Ra2 38. Rd2 Rxd2 39. Nxd2 Ne5 40.
a6 Nc6 41. f4 f5 42. Kf3 g6 43. Nc4 Kg7 44. Ne5 Na7 45. e4 fxe4+ 46. Kxe4 Nb5
47. Kd5 Nc7+ 48. Kc6 Nxa6 49. Nd3 Kf7 50. Kb7 Nb8 51. Kxb8 Ke6 52. Kc7 Kf5 53.
Kd6 Ke4 54. Ke6  1-0

[Event "19th 4NCL Congress"]
[Site "Telford"]
[Date "2018.07.14"]
[Round "2"]
[Board "1"]
[White "Merry, Alan B"]
[Black "Mason, Donald J"]
[Result "0-1"]
[WhiteElo "2460"]
[BlackElo "2133"]
[PlyCount "68"]
[EventDate "2018.07.13"]
[EventRounds "5"]
[EventCountry "ENG"]

1. e4 e5 2. Nf3 Nc6 3. Bb5 a6 4. Ba4 Nf6 5. d3 d6 6. c3 g6 7. h3 Bg7 8. Be3 O-O
9. Nbd2 Re8 10. O-O h6 11. Re1 d5 12. Bxc6 bxc6 13. Qa4 Bd7 14. Qa5 Rb8 15. b4
Qc8 16. Rad1 Rb5 17. Qa3 a5 18. bxa5 Bf8 19. Qc1 Rxa5 20. Nb3 Rxa2 21. Bxh6
Bxh3 22. Nh2 Bg4 23. f3 Bxf3 24. Nxf3 Qg4 25. Bd2 Ba3 26. Qb1 Rb2 27. Qa1 Rxb3
28. exd5 e4 29. dxe4 Rxe4 30. Nd4 Rxd4 31. cxd4 Rg3 32. Re3 Rxg2+ 33. Kh1 Bd6
34. Qa8+ Kg7  0-1

[Event "19th 4NCL Congress"]
[Site "Telford"]
[Date "2018.07.14"]
[Round "2"]
[Board "2"]
[White "Willow, Jonah B"]
[Black "Wells, Peter K"]
[Result "1/2-1/2"]
[WhiteElo "2210"]
[BlackElo "2426"]
[PlyCount "65"]
[EventDate "2018.07.13"]
[EventRounds "5"]
[EventCountry "ENG"]

1. e4 c6 2. d4 d5 3. e5 Bf5 4. h4 h5 5. c4 e6 6. Nc3 Ne7 7. Nge2 dxc4 8. Ng3
Bg6 9. Bxc4 Nd7 10. Bg5 Qb6 11. O-O Nf5 12. Nxf5 Bxf5 13. Na4 Qc7 14. Bd3 Bxd3
15. Qxd3 Nb6 16. Nc3 Be7 17. Ne4 O-O-O 18. Nd6+ Bxd6 19. exd6 Rxd6 20. Bf4 Nd5
21. Bxd6 Qxd6 22. Qg3 Qxg3 23. fxg3 f5 24. Rae1 Rh6 25. Re2 Rg6 26. Rfe1 Kd7
27. Kf2 Nc7 28. a4 Rg4 29. Rd1 Nd5 30. Rde1 Nc7 31. Rd1 Nd5 32. Rde1 Nc7 33.
Rd1  1/2-1/2

[Event "19th 4NCL Congress"]
[Site "Telford"]
[Date "2018.07.14"]
[Round "2"]
[Board "3"]
[White "Sowray, Peter J"]
[Black "Bin-Suhayl, Ieysaa"]
[Result "0-1"]
[WhiteElo "2337"]
[BlackElo "2078"]
[PlyCount "74"]
[EventDate "2018.07.13"]
[EventRounds "5"]
[EventCountry "ENG"]

1. d4 Nf6 2. c4 c5 3. d5 b5 4. cxb5 a6 5. e3 axb5 6. Bxb5 Qa5+ 7. Nc3 Bb7 8.
Bd2 Qb6 9. a4 Nxd5 10. Nf3 e6 11. O-O Be7 12. Ne5 Qc7 13. Nxd5 Bxd5 14. Bc3 Bf6
15. Nd3 Bxc3 16. bxc3 O-O 17. Qe2 d6 18. e4 Bc6 19. e5 Nd7 20. exd6 Qxd6 21.
Rad1 Rfb8 22. c4 Qc7 23. Ra1 Ra5 24. Ra2 Rba8 25. Rfa1 Qd6 26. Nc1 Bxb5 27.
cxb5 Nb6 28. Rd2 Qc7 29. Nb3 Rxa4 30. Rxa4 Nxa4 31. Qe4 Nb6 32. g3 g6 33. Rc2
c4 34. Nd4 Nd5 35. Kg2 c3 36. Ne2 Ra3 37. h4 Qb7  0-1

[Event "19th 4NCL Congress"]
[Site "Telford"]
[Date "2018.07.14"]
[Round "2"]
[Board "4"]
[White "Moore, Gerald"]
[Black "De Verdier, Michael"]
[Result "0-1"]
[WhiteElo "2073"]
[BlackElo "2298"]
[PlyCount "48"]
[EventDate "2018.07.13"]
[EventRounds "5"]
[EventCountry "ENG"]

1. Nf3 Nf6 2. c4 b6 3. g3 Bb7 4. Bg2 g6 5. O-O Bg7 6. Nc3 O-O 7. d4 e6 8. Bf4
d6 9. Qd2 Nbd7 10. Rad1 Re8 11. Qc1 Qe7 12. Bg5 Qf8 13. Ne1 Bxg2 14. Nxg2 h6
15. Bd2 Rac8 16. b3 c5 17. dxc5 Nxc5 18. Qa3 Qe7 19. Bf4 Red8 20. f3 d5 21. b4
d4 22. Nb5 e5 23. Bc1 Ne6 24. Qxa7 Qxb4  0-1

[Event "19th 4NCL Congress"]
[Site "Telford"]
[Date "2018.07.14"]
[Round "2"]
[Board "5"]
[White "Seymour, Timothy P"]
[Black "Holland, James P"]
[Result "1/2-1/2"]
[WhiteElo "2035"]
[BlackElo "2217"]
[PlyCount "40"]
[EventDate "2018.07.13"]
[EventRounds "5"]
[EventCountry "ENG"]

1. d4 Nf6 2. Nf3 g6 3. c4 Bg7 4. e3 O-O 5. Be2 c5 6. d5 d6 7. Nc3 e5 8. e4 Ne8
9. O-O f5 10. exf5 gxf5 11. g3 Nf6 12. Nh4 f4 13. gxf4 Bh3 14. fxe5 Bxf1 15.
Bxf1 Nfd7 16. Qh5 Nxe5 17. Nf5 Qf6 18. Bh3 Qg6+ 19. Qxg6 hxg6 20. Nxd6 Nf3+
 1/2-1/2

[Event "19th 4NCL Congress"]
[Site "Telford"]
[Date "2018.07.14"]
[Round "2"]
[Board "6"]
[White "Kalavannan, Koby"]
[Black "Tombolis, Christopher"]
[Result "1-0"]
[WhiteElo "2277"]
[BlackElo "1914"]
[PlyCount "109"]
[EventDate "2018.07.13"]
[EventRounds "5"]
[EventCountry "ENG"]

1. d4 d5 2. c4 e6 3. Nf3 Nf6 4. g3 Be7 5. Bg2 O-O 6. O-O dxc4 7. Qc2 a6 8. a4
Bd7 9. Qxc4 Bc6 10. Bg5 Bd5 11. Qc2 Nbd7 12. Nc3 c5 13. e4 Bc4 14. Rfd1 Qb6 15.
Nd2 Qb4 16. b3 cxd4 17. Na2 Qc5 18. Bxf6 Bxf6 19. Qxc4 Qh5 20. Rac1 Ne5 21. Qf1
b5 22. h3 Be7 23. f4 Nd7 24. e5 Rac8 25. Nf3 Rxc1 26. Rxc1 bxa4 27. b4 a5 28.
Qb5 axb4 29. Qxd7 b3 30. Qxe7 Qg6 31. Qb4 bxa2 32. Qb2 Qxg3 33. Qxd4 a3 34. Qd2
h5 35. Qxa2 Ra8 36. Rc4 Rd8 37. Rc1 Ra8 38. Rc4 Rd8 39. Qb3 a2 40. Ra4 Rc8 41.
Qb2 Rd8 42. Qc2 Qxf4 43. Rxf4 a1=Q+ 44. Kh2 Qa5 45. Qf2 Rd7 46. Qh4 g6 47. Qg5
Qa2 48. Rb4 Qa7 49. Rc4 Rd1 50. Rc8+ Kh7 51. Qf6 Rh1+ 52. Kxh1 Qa1+ 53. Ng1
Qxg1+ 54. Kxg1 g5 55. Be4#  1-0

[Event "19th 4NCL Congress"]
[Site "Telford"]
[Date "2018.07.14"]
[Round "2"]
[Board "7"]
[White "Clarke, Stuart Wc"]
[Black "Guha, Chirag"]
[Result "1-0"]
[WhiteElo "2225"]
[BlackElo "1912"]
[PlyCount "103"]
[EventDate "2018.07.13"]
[EventRounds "5"]
[EventCountry "ENG"]

1. e4 e5 2. Nf3 Nc6 3. Bc4 Nf6 4. d3 Bc5 5. c3 a6 6. Bb3 h6 7. O-O O-O 8. Nbd2
d5 9. exd5 Nxd5 10. Ne4 Be7 11. d4 exd4 12. Nxd4 Nxd4 13. Qxd4 Nf6 14. Qe5 Nxe4
15. Qxe4 Bg5 16. Rd1 Qe7 17. Qxe7 Bxe7 18. Bf4 c6 19. Re1 Bc5 20. Be3 Bxe3 21.
Rxe3 Bf5 22. Re7 Rab8 23. h3 Bg6 24. Rae1 Rfd8 25. f4 Rf8 26. g4 Bh7 27. Rd7 b5
28. Ree7 Rbd8 29. Bxf7+ Kh8 30. f5 Bg8 31. Be6 Rxd7 32. Rxd7 Re8 33. Rd6 Bxe6
34. fxe6 c5 35. Rxa6 b4 36. cxb4 cxb4 37. Kf2 Kg8 38. Ke3 Kf8 39. Ke4 Ke7 40.
Ke5 b3 41. Ra7+ Kf8 42. a3 Rc8 43. Rb7 Rc2 44. Rxb3 Re2+ 45. Kd6 Rd2+ 46. Kc6
Ke7 47. a4 Kxe6 48. Re3+ Kf6 49. b4 Rd4 50. Kc5 Rd8 51. b5 Ra8 52. b6  1-0

[Event "19th 4NCL Congress"]
[Site "Telford"]
[Date "2018.07.14"]
[Round "2"]
[Board "8"]
[White "Jarmany, John"]
[Black "Munshi, Aditya"]
[Result "1-0"]
[WhiteElo "2110"]
[BlackElo "1905"]
[PlyCount "145"]
[EventDate "2018.07.13"]
[EventRounds "5"]
[EventCountry "ENG"]

1. d4 Nf6 2. c4 e6 3. Nc3 Bb4 4. Qc2 d5 5. cxd5 Qxd5 6. Nf3 Qf5 7. Qxf5 exf5 8.
Bd2 c6 9. e3 Nbd7 10. Bd3 Nb6 11. a3 Bd6 12. O-O a5 13. Rfd1 O-O 14. Be1 Re8
15. Nd2 a4 16. Rac1 Bd7 17. g3 g6 18. Nf1 Be6 19. Nd2 Nbd5 20. Nxd5 Bxd5 21.
Bc4 Bc7 22. Bxd5 Nxd5 23. Nb1 Ra6 24. Nc3 Rd8 25. Kf1 Kg7 26. Ke2 Raa8 27. Nxd5
Rxd5 28. Bb4 Bd6 29. Rc4 Ra6 30. Rdc1 Rb6 31. Bc3 Ra6 32. Bd2 Rb5 33. R4c2 Rb3
34. Bc3 Kf8 35. f3 Rb5 36. Rd1 Ra8 37. Rcd2 Rb3 38. Kd3 b5 39. Kc2 b4 40. axb4
Bxb4 41. Ra1 Bxc3 42. bxc3 Rb6 43. Ra3 Rab8 44. Rxa4 Rb2+ 45. Kd3 Rxd2+ 46.
Kxd2 Rb2+ 47. Kd3 Rxh2 48. e4 Rh3 49. exf5 Rxg3 50. Ke3 gxf5 51. Kf4 Rg6 52.
Kxf5 h5 53. Ra1 Kg7 54. Rh1 Rf6+ 55. Ke4 Re6+ 56. Kd3 Kh6 57. c4 Rf6 58. Rh3
Kg5 59. d5 cxd5 60. cxd5 Rf4 61. Ke3 Rf5 62. Ke4 Kf6 63. f4 Kg6 64. d6 Ra5 65.
d7 Ra8 66. Ke5 Rd8 67. Rg3+ Kh6 68. Kd6 h4 69. Rg4 Kh5 70. Rg5+ Kh6 71. Ke7
Rxd7+ 72. Kxd7 f6 73. Rg8  1-0

[Event "19th 4NCL Congress"]
[Site "Telford"]
[Date "2018.07.14"]
[Round "2"]
[Board "9"]
[White "Somton, Anita"]
[Black "Verma, Aditya"]
[Result "1/2-1/2"]
[WhiteElo "1843"]
[BlackElo "2084"]
[PlyCount "57"]
[EventDate "2018.07.13"]
[EventRounds "5"]
[EventCountry "ENG"]

1. e4 c5 2. Nc3 Nc6 3. f4 g6 4. Nf3 Bg7 5. Bb5 Nd4 6. O-O a6 7. Bd3 e6 8. Rb1
b5 9. e5 d5 10. Nxd4 cxd4 11. Ne2 Qb6 12. Qe1 Ne7 13. Qf2 f6 14. Qxd4 Qxd4+ 15.
Nxd4 fxe5 16. fxe5 Bxe5 17. Nf3 Bf6 18. b3 Nc6 19. Bb2 Bxb2 20. Rxb2 e5 21. c4
O-O 22. cxd5 Nb4 23. Bb1 Bb7 24. Nxe5 Nxd5 25. Be4 Nf4 26. d3 Bxe4 27. dxe4
Rae8 28. Nd7 Rf7 29. Nc5  1/2-1/2

[Event "19th 4NCL Congress"]
[Site "Telford"]
[Date "2018.07.14"]
[Round "2"]
[Board "10"]
[White "Rahulan, Thivyaa"]
[Black "Armstrong, Malcolm J"]
[Result "1/2-1/2"]
[WhiteElo "1774"]
[BlackElo "2077"]
[PlyCount "60"]
[EventDate "2018.07.13"]
[EventRounds "5"]
[EventCountry "ENG"]

1. e4 c6 2. c4 d5 3. cxd5 cxd5 4. exd5 Nf6 5. Qa4+ Nbd7 6. Nc3 g6 7. Bc4 Bg7 8.
Nf3 O-O 9. d3 a6 10. Qd1 Nb6 11. Qb3 Nbd7 12. a4 b6 13. Be3 Bb7 14. O-O Rc8 15.
d4 Qc7 16. Bd3 Qd6 17. Bc4 Qc7 18. Bd3 Ng4 19. Bg5 Ndf6 20. h3 Nh6 21. Rac1 Qd8
22. Bc4 Nf5 23. Rfd1 Nd6 24. Be2 Nfe4 25. Bf4 h6 26. Be5 Nf6 27. Nd2 Nf5 28.
Bc4 Nd6 29. Be2 Nf5 30. Bc4 Nd6  1/2-1/2

[Event "19th 4NCL Congress"]
[Site "Telford"]
[Date "2018.07.14"]
[Round "2"]
[Board "11"]
[White "Sciupokas, Arunas"]
[Black "Collins, Andrew"]
[Result "1-0"]
[WhiteElo "1944"]
[BlackElo "1735"]
[PlyCount "169"]
[EventDate "2018.07.13"]
[EventRounds "5"]
[EventCountry "ENG"]

1. e4 e5 2. Nf3 Nc6 3. Bb5 a6 4. Ba4 Nf6 5. O-O b5 6. Bb3 Be7 7. Re1 O-O 8. a4
Bb7 9. Nc3 b4 10. Nd5 Bc5 11. c3 bxc3 12. bxc3 Be7 13. d4 d6 14. Ba3 exd4 15.
cxd4 Nxd5 16. Bxd5 Na5 17. Ba2 Nc6 18. Rb1 Rb8 19. Qc2 Qd7 20. Bd5 Nd8 21. Bxb7
Rxb7 22. d5 c6 23. Rxb7 Qxb7 24. Rb1 Qa8 25. dxc6 Nxc6 26. Rb6 Rc8 27. Qe2 Rb8
28. Qb2 h6 29. Rxb8+ Qxb8 30. Qxb8+ Nxb8 31. e5 Nc6 32. exd6 Bd8 33. Bc5 f6 34.
Kf1 Kf7 35. Ke2 Ke6 36. Kd3 Kd5 37. Ba3 g5 38. g4 Bb6 39. Bb2 Ke6 40. Nd4+ Nxd4
41. Bxd4 Bd8 42. Bc5 Kd5 43. Ba3 Bb6 44. f3 Ke6 45. Ke4 Bg1 46. h3 Bh2 47. d7
Bc7 48. Bf8 Kxd7 49. Kd5 Bd8 50. Bc5 Bc7 51. Bb4 Bb6 52. Bd6 Bd8 53. f4 Ba5 54.
f5 Bb6 55. Bc5 Ba5 56. Bf8 Bd8 57. Bd6 Bb6 58. Bg3 Ba7 59. h4 Bb6 60. h5 Ba5
61. Bd6 Bb6 62. Bc5 Ba5 63. Bd4 Bd8 64. Bc3 Be7 65. Ba5 Ba3 66. Bb6 Be7 67. Bc5
Bd8 68. Bf8 Ba5 69. Kc4 Bb6 70. Bc5 Ba5 71. Bd4 Bd8 72. Kc5 Kc7 73. Bc3 Be7+
74. Kd5 Kd7 75. Ba5 Ba3 76. Kc4 Be7 77. Bc3 Kc7 78. Bb4 Bd6 79. Ba5+ Kd7 80.
Bb6 Be7 81. Bc5 Bd8 82. Kb4 Kc6 83. Bf8 Kd5 84. Bxh6 Be7+ 85. Ka5  1-0

[Event "19th 4NCL Congress"]
[Site "Telford"]
[Date "2018.07.14"]
[Round "2"]
[Board "12"]
[White "Gibbs, Dominic V"]
[Black "Ifalore, Michael"]
[Result "0-1"]
[WhiteElo "1967"]
[BlackElo "1867"]
[PlyCount "114"]
[EventDate "2018.07.13"]
[EventRounds "5"]
[EventCountry "ENG"]

1. e4 e5 2. Nf3 Nc6 3. Bc4 Nf6 4. d3 Be7 5. O-O O-O 6. c3 d6 7. Bb3 Na5 8. Bc2
c5 9. Nbd2 Nc6 10. Re1 Re8 11. Nf1 h6 12. d4 exd4 13. cxd4 Bg4 14. dxc5 dxc5
15. Qxd8 Raxd8 16. Ba4 Bd6 17. N3d2 Bd7 18. f3 Nd4 19. Bd1 Nh5 20. Nc4 Bb8 21.
g3 Nf6 22. Be3 Bb5 23. Rc1 b6 24. Nfd2 Nh7 25. Kf2 f5 26. Bxd4 Rxd4 27. Bb3 Kh8
28. exf5 Red8 29. Ne4 Rf8 30. Ne3 Bc6 31. Nc2 Rd7 32. Be6 Re7 33. Rcd1 g6 34.
g4 Bxh2 35. Ng3 Ng5 36. Bd5 Bxd5 37. Rxd5 Nh3+ 38. Kg2 Nf4+ 39. Kxh2 Nxd5 40.
Rd1 Ne3 41. Nxe3 Rxe3 42. Kg2 gxf5 43. Nxf5 Re2+ 44. Kg3 Rxb2 45. Nxh6 Rxa2 46.
Nf5 c4 47. Ne7 Rf7 48. Rd8+ Kh7 49. Nd5 Ra3 50. g5 Raxf3+ 51. Kg4 Rd3 52. Kh5
Kg7 53. Rd6 Rxd5 54. Rxd5 c3 55. Rd1 c2 56. Rc1 Rc7 57. Kg4 b5  0-1

[Event "19th 4NCL Congress"]
[Site "Telford"]
[Date "2018.07.14"]
[Round "2"]
[Board "13"]
[White "Ansari, Athar"]
[Black "Yoon, Jacob D"]
[Result "1/2-1/2"]
[WhiteElo "1868"]
[BlackElo "2002"]
[PlyCount "97"]
[EventDate "2018.07.13"]
[EventRounds "5"]
[EventCountry "ENG"]

1. d4 Nf6 2. Nf3 e6 3. Bf4 c5 4. c3 Qb6 5. Qb3 Nc6 6. e3 Qxb3 7. axb3 Nh5 8.
Bg3 Nxg3 9. hxg3 d5 10. Bd3 h6 11. Nbd2 Be7 12. dxc5 Bxc5 13. e4 O-O 14. exd5
exd5 15. O-O Be6 16. b4 Bb6 17. Nb3 Rad8 18. Nbd4 Bg4 19. Nxc6 bxc6 20. Ne5 Bd7
21. Rfe1 Be8 22. Re2 f6 23. Ng6 Bxg6 24. Bxg6 d4 25. Rae1 d3 26. Rd2 f5 27. Re6
f4 28. g4 f3 29. Rxd3 Rxd3 30. Bxd3 fxg2 31. Bf5 Rd8 32. Re2 c5 33. b5 Kf8 34.
Kxg2 Re8 35. Kf3 Rxe2 36. Kxe2 Ke7 37. Kd3 Kf6 38. Be4 Ke5 39. f3 Bd8 40. Kc4
Bb6 41. b4 cxb4 42. Kxb4 g5 43. Bb7 Be3 44. c4 Kd6 45. Ka5 Bb6+ 46. Ka6 Kc7 47.
Be4 Bc5 48. Bf5 Bb6 49. Be4  1/2-1/2